00179nam a2200073Ia 4500008004100000082000800041100001200049245004400061240331s9999 xx 000 0 und d bMAR aMarx, A 0aUlagamayam ethirpu arasiyal thalithukal